Las aventuras de Miguel el travieso (Record no. 155516)

MARC details
000 -CABECERA
campo de control de longitud fija 01279nam a2200373 u 4500
003 - IDENTIFICADOR DEL NÚMERO DE CONTROL
campo de control MX-MxUPN
005 - FECHA Y HORA DE LA ÚLTIMA TRANSACCIÓN
campo de control 20241012063702.0
008 - ELEMENTOS DE LONGITUD FIJA--INFORMACIÓN GENERAL
campo de control de longitud fija 120213s2005 es r 000 0 spa d
020 ## - NÚMERO INTERNACIONAL NORMALIZADO PARA LIBROS
Número Internacional Estándar del Libro 8426132278
020 ## - NÚMERO INTERNACIONAL NORMALIZADO PARA LIBROS
Número Internacional Estándar del Libro 9788426132277
035 ## - NÚMERO DE CONTROL DEL SISTEMA
Número de control de sistema UPN01000183413
040 ## - FUENTE DE LA CATALOGACIÓN
Centro catalogador/agencia de origen MX-MxUPN
Lengua de catalogación spa
Centro/agencia transcriptor MX-MxUPN
041 ## - CÓDIGO DE IDIOMA
Código de lengua del texto/banda sonora o título independiente spa
Código de lengua original swe
050 14 - SIGNATURA TOPOGRÁFICA DE LA BIBLIOTECA DEL CONGRESO
Número de clasificación PT9875 L598
Número de documento/Ítem A94 2005
100 1# - ASIENTO PRINCIPAL--NOMBRE PERSONAL
Nombre de persona Lindgren, Astrid,
Fechas asociadas al nombre 1907-2002
9 (RLIN) 31057
240 10 - TÍTULO UNIFORME
Título uniforme Emil I Lönneberga, nya hyss Av Emill I Lönnberga.
Lenguaje de la obra Español
245 14 - MENCIÓN DE TÍTULO
Título Las aventuras de Miguel el travieso
250 ## - MENCIÓN DE EDICIÓN
Mención de edición Segunda edición
260 ## - PUBLICACIÓN, DISTRIBUCIÓN, ETC.
Lugar de publicación, distribución, etc. Barcelona :
Nombre del editor, distribuidor, etc. Editorial Juventud,
Fecha de publicación, distribución, etc. 2005.
300 ## - DESCRIPCIÓN FÍSICA
Extensión 197 páginas :
Otras características físicas ilustraciones
490 0# - MENCIÓN DE SERIE
Mención de serie Colección juventud
505 0# - NOTA DE CONTENIDO CON FORMATO PREESTABLECIDO
Título [1] Miguel el travieso --
-- [2] Nuevas aventuras de Miguel el travieso.
534 ## - NOTA SOBRE LA VERSIÓN ORIGINAL
Frase introductoria Título original:
Mención de título del original Emil I lônneberga : nya hyss av Emil I lönneberga
650 #2 - ASIENTO SECUNDARIO DE MATERIA - TERMINO TEMATICO
Término de materia o nombre geográfico como elemento de entrada Literatura juvenil sueca
9 (RLIN) 15052
650 #4 - ASIENTO SECUNDARIO DE MATERIA - TERMINO TEMATICO
Término de materia o nombre geográfico como elemento de entrada Relaciones de familia
9 (RLIN) 6077
700 1# - ASIENTO SECUNDARIO--NOMBRE DE PERSONAL
Nombre de persona Escanilla de Bejarano, Marina
Término indicativo de función/relación traducción
9 (RLIN) 50028
700 1# - ASIENTO SECUNDARIO--NOMBRE DE PERSONAL
9 (RLIN) 54034
Nombre de persona Berg, Björn,
Término indicativo de función/relación ilustración
740 0# - ASIENTO SECUNDARIO - TÍTULOS RELACIONADOS /ANALITICOS NO CONTROLADOS
Título relacionado o analítico no controlado Miguel el travieso
740 0# - ASIENTO SECUNDARIO - TÍTULOS RELACIONADOS /ANALITICOS NO CONTROLADOS
Título relacionado o analítico no controlado Nuevas aventuras de Miguel
902 ## - ELEMENTOS DE DATOS B LOCAL, LDB (RLIN)
Modificó MaríaRobles/111024
905 ## - TIPO DE MATERIAL
Tipo de material Libro
942 ## - ELEMENTOS DE PUNTO DE ACCESO ADICIONAL (KOHA)
Fuente del sistema de clasificación o colocación Library of Congress Classification
Tipo de ítem Koha Libro
Suprimir en OPAC No
Holdings
Estado de retiro Estado de pérdida Fuente del sistema de clasificación o colocación Estado dañado No para préstamo Código de colección Localización permanente Ubicación/localización actual Ubicación en estantería Fecha de adquisición Clasificación Código de barras Fecha visto por última vez Tipo de ítem Koha Número de copia
    Library of Congress Classification     Colección General Bib. Gregorio Torres Quintero Bib. Gregorio Torres Quintero Planta baja 11/10/2024 PT9875 L598 A94 2005 280959 31/12/2020 Libro  
    Library of Congress Classification     Colección General Bib. Gregorio Torres Quintero Bib. Gregorio Torres Quintero Planta baja 11/10/2024 PT9875 L598 A94 2005 280889 31/12/2020 Libro Ej.2